| 000 | 01892nam a22001577a 4500 | ||
|---|---|---|---|
| 008 | 150708b xxu||||| |||| 00| 0 eng d | ||
| 020 | _a9780691070148 | ||
| 050 | _aHB75.R526 | ||
| 100 | _aRobbins, Lionel. | ||
| 245 |
_aA History of economic thought: The LSE lectures. / _cLionel Robbins. |
||
| 260 |
_aNew Jersey: _bPrinceton University Press, _c1998. |
||
| 300 |
_axxviii,375p. : _c24cm. |
||
| 500 | _aIncludes index. | ||
| 505 | _aContents: Anticipations: Introduction-plato -- Plato and aristotle -- Aquinas and the scholastics -- Pamphleteers-money (oresme, bodin, "w.s) -- Pamphleteers-mercantilism (malynes, misselden, mun) -- Sir william petty -- Child and locke (interest) -- Emergence of systems: Cantillon (cont.)-physiocracy -- Physiocrats-turgot -- Locke and hume on property-hume on money -- Hume on interest and trade-precursors of adam smith -- General survey of smith's intentions-the wealth of nations: Analytical (I) -- The wealth of nations: Analytical (II) -- The wealth of nations: Analytical (III)-policy (I) -- The wealth of nations: Policy (II) -- Nineteenth-century classicism: General review-malthus on population -- Value and distribution: Historical origin-analytical (I) -- Value and distribution: Analytical (II) -- Value and distribution: Analytical (III) -- Overall equilibrium -- International trade -- John Stuart Mill -- Other mid-nineteenth-century thought: Mill (cont.)-saint simon and marx -- Marx (cont.)-list and the historical school -- Beginnings of modern analysis: The historical school (cont.)-Precursors of change: Cournot, von thunen, and rae -- The marginal revolution (1): Jevons -- The marginal revolution (II): Jevons and Menger -- The marginal revolution (III): Costs (wieser)-the pricing of factor services -- Capital theory -- Walras-pareto -- Marshall -- Money -- The further evolution of the subject -- Appendices. | ||
| 942 |
_2lcc _cBK |
||
| 999 |
_c5627 _d13127 |
||